City by Airport code - Statistics

General Stats
  • This quiz has been taken 20 times
  • The average score is 34 of 50
Answer Stats
Code City/Capital % Correct
28) WAW Warsaw
100%
15) DUB Dublin
94%
29) EDI Edinburgh
94%
22) LIS Lisbon
94%
1) LHR London
94%
16) LGW London
94%
5) MAD Madrid
94%
21) MAN Manchester
94%
2) CDG Paris
94%
23) PRG Prague
94%
3) AMS Amsterdam
89%
25) ATH Athens
89%
20) HEL Helsinki
89%
18) OSL Oslo
89%
24) VIE Vienna
89%
30) BUD Budapest
83%
17) CPH Copenhagen
83%
37) IBZ Ibiza
83%
11) ZRH Zurich
83%
10) FRA Frankfurt
78%
8) FCO Rome
78%
34) VCE Venice
78%
35) ZAG Zagreb
78%
9) BCN Barcelona
72%
7) MXP Milan
72%
14) NCE Nice
72%
4) KEF Reykjavik
72%
39) SOF Sofia
72%
38) GOT Gothenburg
67%
6) SVO Moscow
67%
44) BEG Belgrade
61%
26) DUS Dusseldorf
61%
43) KRK Krakow
61%
42) BFS Belfast
56%
31) SXF Berlin
56%
27) GVA Geneva
56%
40) RIX Riga
56%
13) SJJ Sarajevo
56%
49) SKP Skopje
56%
32) OTP Bucharest
50%
19) ARN Stockholm
50%
33) KBP Kyiv
44%
46) PSA Pisa
44%
12) SAW Istanbul
39%
50) PRN Pristina
39%
47) LPL Liverpool
28%
36) TGD Podgorica
28%
45) NCL Newcastle
22%
48) MLA Valletta
22%
41) SKG Thessaloniki
17%
No matching quizzes found
Score Distribution
Percent of People with Each Score
Percentile by Number Answered
Your Score History
You have not taken this quiz